Statistics for Countries with most Christianity

Click here to take the quiz!

General Stats

  • This quiz has been taken 45 times
  • The average score is 7 of 10

Answer Stats

ContinentRankAnswer% Correct
North America1United States
100%
South America2Brazil
97%
North America3Mexico
85%
Europe4Russia
77%
Asia7China
72%
Africa6Nigeria
72%
Europe9Germany
69%
Asia5Philippines
62%
Africa8Democratic Republic of the Congo
56%
Africa10Ethiopia
51%

Score Distribution

Percentile by Number Answered

Percent of People with Each Score

Your Score History

You have not taken this quiz